00419nam a2200133Ia 4500003000400000008004100004040001600045082001700061100001900078245010100097260006500198300000800263650001400271GCL140319s9999 xx 000 0 eng d aGCL / cGCL04aCHb032bS M1 aSTEELE, PHILIP10aMY FIRST BOOK OF QUESTIONA AND ANSWERS: SIMPLE ANSWERS TO DIFFICULT QUESTIONS / cSTEELE, PHILIP a[S.N] : bDEAN, AN IMPRINT OF REED CHILDREN'S BOOK ، c1993 a12804aKNOWLEDGE